Mýty a fakty o realite marketingu v slovenských malých a stredných podnikoch

Všeobecné názory na marketing v malých a stredných podnikoch. Výhody a nevýhody malých a stredných podnikov z hľadiska marketingu. Názory na potrebu a prínos marketingového strategického plánovania v malých a stredných podnikoch. Súhrnné závery z prieskumu marketingovej reality v slovenských malýc...

ver descrição completa

Na minha lista:
Detalhes bibliográficos
Autor principal: Majtán, Štefan
Outros Autores: Grančičová, Katarína, 1967-
Formato: Capítulo de Livro
Idioma:eslovaco
Assuntos:
Tags: Adicionar Tag
Sem tags, seja o primeiro a adicionar uma tag!

MARC

LEADER 00000naa$a2200000$$$4500
001 0066839
005 20240502071809.8
041 0 |a slo 
044 |a SK 
245 1 0 |a Mýty a fakty o realite marketingu v slovenských malých a stredných podnikoch  |c Štefan Majtán, Katarína Grančičová 
520 |a Všeobecné názory na marketing v malých a stredných podnikoch. Výhody a nevýhody malých a stredných podnikov z hľadiska marketingu. Názory na potrebu a prínos marketingového strategického plánovania v malých a stredných podnikoch. Súhrnné závery z prieskumu marketingovej reality v slovenských malých a stredných podnikoch. 
610 2 0 |a podnik malý 
610 2 0 |a podnik stredný 
610 2 0 |a marketing 
610 2 0 |a Slovensko 
610 2 0 |a plánovanie strategické 
610 2 0 |a diagnostika podniková 
100 1 |a Majtán, Štefan 
700 1 |a Grančičová, Katarína, 1967-